A Főiskola ökonómus hallgatóinak vállalkozó menedzsment készsége
Elmentve itt :
| Szerző: | |
|---|---|
| További közreműködők: | |
| Dokumentumtípus: | Szakdolgozat |
| Megjelent: |
2000
|
| Kulcsszavak: | Személyiségvizsgálat Vállalkozás Menedzsmentkészség Önismeret |
| Tárgyszavak: | |
| Online Access: | http://diploma.bibl.u-szeged.hu/100724 |
| LEADER | 00790nta a2200241 i 4500 | ||
|---|---|---|---|
| 001 | dipl100724 | ||
| 005 | 20211119141628.0 | ||
| 008 | 211119s2000 hu om 0|| hun d | ||
| 040 | |a SZTE Diploma Repozitórium |b hun | ||
| 041 | |a hun | ||
| 100 | 1 | |a Vida Hajnalka | |
| 245 | 1 | 2 | |a A Főiskola ökonómus hallgatóinak vállalkozó menedzsment készsége |h [elektronikus dokumentum] / |c Hajnalka Vida |
| 260 | |c 2000 | ||
| 300 | |a 50 | ||
| 650 | 4 | |a Agrár | |
| 650 | 4 | |a Agricultural sciences | |
| 650 | 4 | |a Other agricultural sciences | |
| 695 | |a Személyiségvizsgálat | ||
| 695 | |a Vállalkozás | ||
| 695 | |a Menedzsmentkészség | ||
| 695 | |a Önismeret | ||
| 700 | 1 | |a Mihály Zoltán |e ths | |
| 856 | 4 | 0 | |u http://diploma.bibl.u-szeged.hu/id/eprint/100724/1/2000_vida_hajnalka.pdf |z Dokumentum-elérés |